000 00513nam a2200145Ia 4500
008 170221s9999 xx 000 0 und d
100 _aLaw, Monica L.
245 3 _aAn empirical investigation: Best practices within error reporting systems in acute care hospitals in Pennsylvania
245 _cMonica L. Law, Marywood University.
260 _bJournal of Management and Marketing Research
260 _c2012
300 _a32 : 4
650 _xBusiness
856 _uhttp://www.aabri.com/manuscripts/141790.pdf
999 _c311219
_d311219